Man and earths ecosystem: An introduction to the geography of human modification of the earth (Record no. 25558)

MARC details
000 -LEADER
fixed length control field 00458nam a2200157Ia 4500
082 ## - DEWEY DECIMAL CLASSIFICATION NUMBER
Classification number 581.5
Item number BEN
100 ## - MAIN ENTRY--AUTHOR NAME
Personal name BENNETT, Charles F
245 #0 - TITLE STATEMENT
Title Man and earths ecosystem: An introduction to the geography of human modification of the earth
260 ## - PUBLICATION, DISTRIBUTION, ETC. (IMPRINT)
Place of publication New York
Name of publisher John Wiley
Year of publication 1975
650 ## - SUBJECT ADDED ENTRY--TOPICAL TERM
Topical Term Ecology
650 ## - SUBJECT ADDED ENTRY--TOPICAL TERM
Topical Term Ecosystem
650 ## - SUBJECT ADDED ENTRY--TOPICAL TERM
Topical Term Island ecosystem
650 ## - SUBJECT ADDED ENTRY--TOPICAL TERM
Topical Term Marine ecosystem
942 ## - ADDED ENTRY ELEMENTS (KOHA)
Koha item type Books
Holdings
Withdrawn status Lost status Damaged status Not for loan Home library Current library Date acquired Full call number Accession Number Koha item type
        RRII Library RRII Library 16/12/2021 581.5 BEN 06214 Books